00543nam a2200193 a 4500001001300000003000900013005001700022008004100039020002300080082001300103100001900116245006100135260004300196300000900239500003500248505002400283650002300307700001900330nice12345678IN_TiNIC20260116014008.0121121s1983 lona grp 000 0 eng  a9780007453054c49900a501bCAP aCapra, Fritjof aTurning Pointb Science, Society, and the Rising Culture aLondon bCollins Religious Pub. c1983 a516p aincludes index and biblioraphy2 aBibliography, Index aScience-Philosophy1 aCapra, Fritjof